00564nam a2200193Ia 450000500170000000800410001702000150005808200130007310000200008624500630010626000280016930000200019765000130021765000110023065000130024194200060025495200950026099900150035520240814021252.0240331s9999 xx 000 0 und d a0415211867 bGeea401 aGee, James Paul 3aAn introduction to discourse analysis :bTheory and Method aLondonbRoutledgec1999 aviii, 176 p ., aPolitics aSocial aCultural cL 001040708LaWERCLbWERCLcSSCd2024-03-31l0o 401 Geep4414r2024-03-31w2024-03-31yL c2992d2992